Verdadera Guia de Madrid necesaria para todas las clases sociales. (Record no. 184174)

MARC details
000 -LEADER
campo de control de longitud fija 00717nas a2200217 i 4500
001 - NÚMERO DE CONTROL
campo de control 184174
003 - IDENTIFICADOR DE NÚMERO DE CONTROL
campo de control ES-MaACL
005 - FECHA Y HORA DE LA ÚLTIMA TRANSACCIÓN
campo de control 20250217134914.0
008 - DATOS DE LONGITUD FIJA--INFORMACIÓN GENERAL
campo de control de longitud fija 150409d18841899sp a| | ||pa d
245 00 - MENCIÓN DEL TÍTULO
Título Verdadera Guia de Madrid necesaria para todas las clases sociales.
260 ## - PUBLICACIÓN, DISTRIBUCIÓN, ETC.
Lugar de publicación, distribución, etc. Madrid :
Nombre del editor, distribuidor, etc. [s.n.],
Fecha de publicación, distribución, etc. 1884-1899 (
Fabricante Impr. de Manuel Minuesa de los Rios)
300 ## - DESCRIPCIÓN FÍSICA
Extensión 6 v. ;
Dimensiones 15 cm.
310 ## - PERIODICIDAD ACTUAL
Periodicidad actual Anual
651 #4 - PUNTO DE ACCESO ADICIONAL DE MATERIA--NOMBRE GEOGRÁFICO
Nombre geográfico Madrid-
Subdivisión de forma Directorios.
9 (RLIN) 156678
852 ## - LOCALIZACIÓN
Ubicación ES-MaACL
Número de control de estantería T-738-F-1-4
852 #0 - LOCALIZACIÓN
Ubicación BA
Número de control de estantería T-646-F-6
Nota libre .- Año 1890
852 ## - LOCALIZACIÓN
Ubicación ES-MaACL
Número de control de estantería T-601-F-3
Nota libre .- Año 1888
852 ## - LOCALIZACIÓN
Ubicación ES-MaACL
Número de control de estantería T-761-F-1
Nota libre .- Año 1884
866 #0 - MENCIÓN TEXTUAL DE FONDOS--UNIDAD BIBLIOGRÁFICA BÁSICA
Fondos 1884, 1887, 1888, 1890,1891, 1892.
Holdings
Estatus retirado Estado de pérdida Estado de daño No para préstamo Colección Biblioteca de origen Biblioteca actual Ubicación en estantería Fecha de adquisición Fuente de adquisición Total de préstamos Signatura topográfica completa Código de barras Visto por última vez Precio de reemplazo Tipo de ítem Koha
        Colección de folletos Biblioteca del Ateneo de Madrid Biblioteca del Ateneo de Madrid Depósito folletos 09/04/2015     T-646-F-6 1193711 23/02/2023 23/02/2023 Folleto
        Colección de folletos Biblioteca del Ateneo de Madrid Biblioteca del Ateneo de Madrid Depósito folletos 01/04/2005     T601-F-3 1201781 23/02/2023 23/02/2023 Folleto
        Colección de folletos Biblioteca del Ateneo de Madrid Biblioteca del Ateneo de Madrid Depósito folletos 02/04/2005     T-761-F-1 1201789 23/02/2023 23/02/2023 Folleto
        Colección de folletos Biblioteca del Ateneo de Madrid Biblioteca del Ateneo de Madrid Depósito folletos 09/04/2015     T-737-F-1-4 1193710 23/02/2023 23/02/2023 Folleto